000 00727nam a22002057a 4500
999 _c9226
_d9226
003 AR-CdUCM
008 190327b ||||| |||| 00| 0 spa d
040 _aMUNICIPALIDAD PROVINCIAL DEL CUSCO
_cBIBLIOTECA MUNICIPAL DEL CUSCO
082 _a515.63 /
_bE77
100 _aEspinoza Yábar, Maritza
_925292
245 _aTeorema de Stokes y variedades con frontera /
260 _aCusco :
_c2016.
300 _a57 paginas ;
_bDiagramas,
_c30 cm.
505 _aContenido :Fundamentos teóricos --Integración sobre variedades --Teorema de Stokes sobre variedades /
650 _aAnálisis vectorial
_920089
650 _aEstudio y enseñanza
_92610
650 _aTeorema de Stokes
_925293
942 _2ddc
_cLIBROS
945 _arjall